|
|
|
|
| LEADER |
00000nab a2200000 a 4500 |
| 001 |
vtls008963005 |
| 003 |
SK-MaSNL |
| 005 |
20260303070738.0 |
| 008 |
131118c2007 xo mr|p|||||||000 b|slo |
| 015 |
|
|
|a SNBRB2007/04
|2 snkbucl
|
| 038 |
|
|
|a SNKBUCL
|
| 040 |
|
|
|a SNKBUCL
|b slo
|c SNKBUCL
|e AACR2
|
| 041 |
1 |
|
|a slo
|h slv
|
| 044 |
|
|
|a xo
|c SK
|
| 080 |
|
|
|a 821.163.42-32
|2 2001
|
| 100 |
1 |
|
|a Bukovac, Slađana
|d 1971-
|4 aut
|9 1068579
|
| 245 |
1 |
0 |
|a Gdansk
|c Slađana Bukovac ; preložila Stanislava Repar
|
| 650 |
0 |
7 |
|a psychologické poviedky, chorvátske
|2 snkbucl
|9 1068580
|
| 773 |
0 |
|
|t Romboid+. Quorum v Romboide+
|g Roč. XLI/XLII, (2006/2007), s. 70-72
|x 0231-6714
|
| 852 |
|
|
|a SNK
|b KIS3GCP
|
| 958 |
|
|
|a LX
|
| 958 |
|
|
|a HR
|
| 999 |
|
|
|c 1756744
|d 1758674
|